La jurisdicción en el derecho chileno: un aporte al estudio del conflicto y sus formas de solución
Uloženo v:
| Hlavní autor: | |
|---|---|
| Médium: | Kniha |
| Jazyk: | španělština |
| Vydáno: |
Santiago
Jurídica
1991
|
| Témata: | |
| Tagy: |
Přidat tag
Žádné tagy, Buďte první, kdo vytvoří štítek k tomuto záznamu!
|
MARC
| LEADER | 00000nam a2200000 a 4500 | ||
|---|---|---|---|
| 001 | UCU7393 | ||
| 003 | CL-VaPUC | ||
| 008 | 960705e19910000CL |||||||||||||||||spa|d | ||
| 082 | 0 | 4 | |a 347.012 |b COL |2 21 |
| 100 | 0 | |a Colombo Campbell, Juan |e author |9 366200 | |
| 245 | 1 | 3 | |a La jurisdicción en el derecho chileno: un aporte al estudio del conflicto y sus formas de solución |
| 300 | |a 64 p | ||
| 942 | |c BK | ||
| 945 | |d 19960705 00:00:00 |a rbrito | ||
| 260 | |a Santiago |b Jurídica |c 1991 | ||
| 650 | 0 | |a Jurisdicción |9 255090 | |
| 650 | 7 | |a CONFLICTO DE JURISDICCION |2 CL-VaPUC |9 366201 | |
| 650 | 7 | |a FUNCION JURISDICCIONAL |2 CL-VaPUC |9 366202 | |
| 650 | 0 | |a Procedimiento penal |9 254974 | |
| 651 | 7 | |a CHILE |2 CL-VaPUC |9 366203 | |
| 583 | |a last modification |c 19960705 00:00:00 |k Rodrigo Vera | ||
| 999 | |c 250048 |d 250046 | ||
| 952 | |0 0 |1 0 |2 ddc |4 0 |6 347_012000000000000_COL_1991 |7 0 |8 A |9 267783 |a BIBDER |b BIBDER |d 2019-11-19 |i 3210510 |l 1 |m 2 |o 347.012 COL 1991 |p 3210510 |r 2025-01-03 |s 2024-07-22 |w 2019-11-19 |y MX |k DER | ||
| 952 | |0 0 |1 0 |2 ddc |4 0 |6 347_012000000000000_COL_1991 |7 0 |8 A |9 267784 |a BIBDER |b BIBDER |d 2019-11-19 |i 3210529 |l 2 |m 2 |o 347.012 COL 1991 |p 3210529 |q 2025-12-31 |r 2024-06-26 |s 2024-06-26 |w 2019-11-19 |y MX |k DER | ||